El pequeño gnomo (Registro nro. 3494)
[ vista simple ]
| 000 -LÍDER | |
|---|---|
| campo de control de longitud fija | 00780nam a2200217Ia 4500 |
| 003 - IDENTIFICADOR DE NÚMERO DE CONTROL | |
| campo de control | OSt |
| 005 - FECHA Y HORA DE LA ÚLTIMA | |
| campo de control | 20231219171915.0 |
| 008 - ELEMENTOS DE DATOS DE LONGITUD FIJA - INFORMACIÓN GENERAL | |
| campo de control de longitud fija | 191128t2008 ck a ar 000 j sp d |
| 020 ## - NÚMERO INTERNACIONAL NORMALIZADO DEL LIBRO | |
| Número de libro estándar internacional | 9789583026317 |
| 040 ## - FUENTE DE CATALOGACIÓN | |
| Agencia de catalogación original | CO-JMCR |
| Agencia de transcripción | CO-JMCR |
| Agencia modificadora | CO-JMCR |
| Convenciones de descripción | rda |
| 041 0# - CÓDIGO DE IDIOMA | |
| Código de idioma del texto/pista de sonido o título independiente | spa |
| 082 04 - NÚMERO DE CLASIFICACIÓN DECIMAL DEWEY | |
| Número de clasificación | A |
| Número de artículo | PEQp |
| 245 13 - DECLARACIÓN DEL TÍTULO | |
| Título | El pequeño gnomo |
| 260 ## - PUBLICACIÓN, DISTRIBUCIÓN, ETC. | |
| Lugar de publicación, distribución, etc. | Bogotá : |
| Nombre del editor, distribuidor, etc. | Panamericana, |
| Fecha de publicación, distribución, etc. | ©2008 |
| 300 ## - DESCRIPCIÓN FÍSICA | |
| Medida | 12 páginas : |
| Otros detalles fisicos | ilustraciones a color ; |
| Dimensiones | 21 cm. |
| 520 ## - RESUMEN, ETC. | |
| Resumen, etc | Narra las aventuras del pequeño gnomo. Este personaje con sus amenas historias van dejando a los niños mensajes de amistad, tolerancia y comprensión. Valores fundamentales en el aprendizaje del niño. |
| 650 14 - ENTRADA AÑADIDA DE ASUNTO - TÉRMINO TEMÁTICO | |
| Fuente del encabezado o término | Cuentos infantiles |
| 9 (RLIN) | 1118 |
| 650 14 - ENTRADA AÑADIDA DE ASUNTO - TÉRMINO TEMÁTICO | |
| Fuente del encabezado o término | Álbum |
| 9 (RLIN) | 1119 |
| 650 14 - ENTRADA AÑADIDA DE ASUNTO - TÉRMINO TEMÁTICO | |
| Fuente del encabezado o término | Cuentos |
| Subdivisión general | gnomos |
| 9 (RLIN) | 43093 |
| 942 ## - ELEMENTOS DE ENTRADA AÑADIDOS (KOHA) | |
| Source of classification or shelving scheme | Dewey Decimal Classification |
| Tipo de artículo Koha | Books |
| 999 ## - | |
| -- | 3494 |
| -- | 3494 |
| Estado retirado |
|---|